[Event "XVI Gran Hotel Bali 2017"]
[Site "Benidorm"]
[Date "2017.12.02"]
[Round "2"]
[White "Perez Perez, Gabriel"]
[Black "Gajic, Mladen"]
[Result "1-0"]
[WhiteElo "2153"]
[BlackElo "2300"]
[Annotator "TA"]
[PlyCount "87"]
[EventDate "2017.??.??"]
[EventType "swiss"]
[EventCountry "ESP"]
[SourceTitle "playchess.com"]
[Source "ChessBase"]
[SourceQuality "1"]

{[%evp 18,87,70,60,100,93,120,47,75,-7,0,0,0,-22,-27,-22,-10,-56,-39,-22,-16,-32,-23,-33,-38,-61,-61,-61,-62,-64,-18,-15,-18,-23,17,0,21,-40,0,0,0,-6,0,0,0,0,0,-7,0,-25,-19,-49,-10,-7,34,45,34,35,39,56,56,-4,-5,-7,434,412,1439,1391,29938,6179,2328,2163]} 1. e4 g6 2. d4 Bg7 3. Nc3 d6 4. f4 a6 5. Nf3 b5 6. Bd3 Nd7 7. a4 {B06: Modern Defence} b4 8. Ne2 c5 9. c3 bxc3 10. bxc3 {LiveBook: 10 Games} Nh6 $146 ({Predecessor:} 10... cxd4 11. cxd4 Ngf6 12. e5 Nd5 13. O-O Nb4 14. Bb1 O-O {½-½ (51) Adhiban,B (2677)-Nguyen,N (2629) Tbilisi 2017}) 11. O-O O-O 12. Kh1 ({White should try} 12. f5 $16) 12... Bb7 {[%cal Bc8b7,Bb7c6,Bc6b5][%mdl 32]} 13. a5 (13. Rb1 $16 Qc7 14. d5) 13... cxd4 $11 14. cxd4 Nc5 $1 15. Ng3 Nxd3 16. Qxd3 Qd7 17. Ra2 Bc6 {aiming for ...Bb5.} 18. Re1 Bb5 19. Qa3 Rfc8 20. Bd2 Rc4 21. Rc1 Rac8 22. Rxc4 Rxc4 23. h3 Qc7 24. Qe3 e6 25. Kh2 Kh8 26. Ra3 Ng8 27. Rc3 (27. Ne2 $11) 27... Ne7 28. Rxc4 Qxc4 29. Qa3 Nc8 30. f5 exf5 31. exf5 Qd5 32. Qc3 Bc6 33. fxg6 hxg6 34. Qb4 Bb7 35. Ne2 Bf6 36. Nc3 Qc6 37. d5 Qc7 38. Ne4 Bg7 39. Bg5 ({Better is} 39. Bc3 $14 Bxc3 40. Nxc3) 39... Bxd5 40. Nf6 $40 {[%mdl 128] White threatens Qh4+ and mate. White attacks.} Qc4 $2 {[%mdl 8192] [#]} (40... Bxf3 $1 $11 {and Black is okay.} 41. gxf3 d5+ 42. Kg2 Qc4) 41. Qe1 $1 $18 {[%cal Re1e8] Threatening mate with Qe8+.} Be6 (41... Bc6 $142 42. Qf2 Bxf3 43. Qxf3 Qe6) 42. g4 {Intending Qh4+ and mate.} Bxf6 43. Qh4+ Kg8 44. Bxf6 {Precision: White = 41%, Black = 35%.} 1-0

[Event "XVI Gran Hotel Bali 2017"]
[Site "Benidorm"]
[Date "2017.12.02"]
[Round "2"]
[White "Gomez Peco, David"]
[Black "Garcia Blanco, Omar"]
[Result "0-1"]
[WhiteElo "2130"]
[BlackElo "2274"]
[Annotator "TA"]
[PlyCount "90"]
[EventDate "2017.??.??"]
[EventType "swiss"]
[EventCountry "ESP"]
[SourceTitle "playchess.com"]
[Source "ChessBase"]
[SourceQuality "1"]

{[%evp 31,90,0,6,-17,-16,-20,67,0,0,0,0,-72,-85,-72,-53,-239,-93,-92,-92,-95,-88,-85,-85,-104,-93,-135,-129,-164,-165,-167,-190,-192,-183,-189,-149,-156,-156,-153,-155,-197,-146,-156,-156,-169,-166,-178,-187,-376,-362,-465,-479,-428,-405,-405,-397,-556,-496,-692,-643,-741,-738]} 1. e4 c5 2. Nf3 e6 3. d4 cxd4 4. Nxd4 Nc6 5. Nc3 Qc7 6. Be2 a6 7. Be3 Be7 8. O-O Nf6 9. f4 d6 10. Qe1 O-O 11. Qg3 Nxd4 12. Bxd4 b5 13. a3 Bb7 14. Kh1 Rad8 15. Rae1 Bc6 16. Bd3 {B85: Sicilian Scheveningen: 6 Be2 a6, lines with early Be3} Qd7 {[#] LiveBook: 14 Games} 17. e5 $146 ({Predecessor:} 17. Nd1 Nh5 18. Qg4 Nf6 19. Qg3 Nh5 20. Qg4 {½-½ (20) Inarkiev,E (2683)-Harikrishna,P (2738) Palma de Mallorca 2017}) 17... dxe5 18. Bxe5 {The position is equal.} Rfe8 ({Black should play} 18... g6 $11) 19. Re3 ({Better is} 19. f5 $1 $14 Bd6 20. fxe6 Qxe6 21. Bxh7+ Kxh7 22. Qh4+ Nh5 23. Qxh5+ Qh6 24. Qxh6+ Kxh6 25. Bxd6 Rxd6 26. Rxe8 Bxe8 27. Kg1) 19... Nh5 20. Qg4 g6 $1 21. f5 (21. Qxh5 $1 $11 {keeps the balance.} gxh5 22. Rg3+ Kf8 23. Bg7+ Kg8 24. Bf6+ Kf8 25. Bg7+ Kg8 26. Bf6+ Kf8 27. Bg7+) 21... exf5 $17 22. Bxf5 Qd2 $40 {[%mdl 128] Black attacks.} 23. Be6 $2 {[#]} (23. Re2 $1 $15 Qg5 24. Be6 Qxg4 25. Bxg4 (25. Bxf7+ Kf8 $15)) 23... Bxg2+ (23... Bf6 $1 $19 {and Black stays clearly on top.} 24. Bxf6 (24. Re2 $2 Rxe6 25. Rxd2 Rxd2 $19) 24... Nxf6) 24. Qxg2 Qxg2+ 25. Kxg2 fxe6 26. Ne4 Rd5 27. Bc3 Rf5 28. Rxf5 gxf5 29. Nd2 Bg5 30. Re1 Bxd2 31. Bxd2 $19 {[%mdl 4096] Endgame KRB-KRN} Kf7 32. Bc3 Nf4+ 33. Kf3 Nd5 34. Be5 Rc8 35. Rg1 Rg8 ({Resist} 35... Rxc2 36. Rg7+ Ke8 37. Rxh7 $15) (35... Nf6 $19 36. Rg2 Rd8) 36. Rd1 Rg4 37. Re1 Ne7 38. b3 Ng6 39. Bb2 $2 {[#]} (39. Kf2 {was worth a try.}) 39... Nh4+ 40. Ke2 Re4+ 41. Kf2 Rxe1 42. Kxe1 Nf3+ 43. Ke2 (43. Kf2 $142 Nxh2 44. Kg3) 43... Nxh2 {Black is clearly winning.} 44. c4 bxc4 45. bxc4 Ng4 {Precision: White = 13%, Black = 65%.} 0-1

[Event "XVI Gran Hotel Bali 2017"]
[Site "Benidorm"]
[Date "2017.12.02"]
[Round "2"]
[White "Iolis, Oleg"]
[Black "Lornye, Pylyp"]
[Result "1/2-1/2"]
[WhiteElo "2119"]
[BlackElo "2264"]
[Annotator "TA"]
[PlyCount "72"]
[EventDate "2017.??.??"]
[EventType "swiss"]
[EventCountry "ESP"]
[SourceTitle "playchess.com"]
[Source "ChessBase"]
[SourceQuality "1"]

{[%evp 24,72,11,6,11,11,0,0,0,4,14,0,0,-4,-10,-9,11,-8,44,-40,42,41,54,52,53,32,58,-6,25,1,43,8,0,-13,-14,-20,-13,-17,-18,-22,0,0,0,0,0,0,22,14,17,0,0]} 1. e4 d6 2. d4 Nf6 3. Nc3 g6 4. f4 {[%cal Bf2f4,Bf4e5][%mdl 32]} Bg7 5. Nf3 O-O 6. Bd3 {[%cal Bf1d3,Bd3e4,Be4d5][%mdl 32]} Nc6 7. e5 dxe5 8. fxe5 Ng4 9. Be4 f6 {B09: Pirc Defence: Austrian Attack} 10. Bd5+ (10. h3 Nh6 11. O-O Nf5 12. Bxc6 bxc6 13. Re1 Rb8 14. b3 fxe5 15. dxe5 Qxd1 16. Rxd1 c5 17. Nd5 Bb7 18. Ba3 {½-½ (43) Oleksienko,M (2608)-Kjartansson,G (2447) Reykjavik 2013}) 10... Kh8 11. h3 Nh6 12. exf6 exf6 13. O-O {LiveBook: 3 Games} Nf5 14. Re1 Qd6 15. Qd2 Bd7 16. Qf2 Rae8 17. Rxe8 $146 ({Predecessor:} 17. Bd2 b5 18. Rxe8 Bxe8 {1-0 (47) Soucha,S (2335)-Canibal,J (2294) ICCF email 2004}) 17... Rxe8 18. a3 Nd8 19. Bd2 c6 20. Bb3 (20. Ba2 {seems wilder.} b6 21. b4 Be6 22. Re1 Qd7 23. d5) 20... Ne6 (20... b6 $11) 21. Ne2 (21. Ne4 $14 Qc7 22. Re1) 21... Ne7 (21... c5 $15) 22. Re1 $14 b6 23. Ng3 {aiming for Ne4.} Nd5 24. Ne4 Qc7 25. Qg3 ({Better is} 25. c4 $14 Ndf4 26. Bc2) 25... f5 26. Bxd5 cxd5 27. Qxc7 (27. Nd6 {feels hotter.} Rf8 28. Ng5 Qxc2 29. Nxe6 Qxd2 30. Nxf8 Qxd4+ 31. Kh2) 27... Nxc7 {The position is equal.} 28. Nf2 Rxe1+ 29. Bxe1 Nb5 30. c3 Nd6 31. Bd2 Ne4 32. Bf4 Bb5 33. g4 fxg4 34. hxg4 Bd7 35. Nxe4 dxe4 36. Ne5 Bxe5 {Precision: White = 57%, Black = 40%.} 1/2-1/2

[Event "XVI Gran Hotel Bali 2017"]
[Site "Benidorm"]
[Date "2017.12.02"]
[Round "2"]
[White "Casuso Ruiz, Roman"]
[Black "Gromovs, Sergejs"]
[Result "0-1"]
[WhiteElo "2108"]
[BlackElo "2257"]
[Annotator "TA"]
[PlyCount "66"]
[EventDate "2017.??.??"]
[EventType "swiss"]
[EventCountry "ESP"]
[SourceTitle "playchess.com"]
[Source "ChessBase"]
[SourceQuality "1"]

{[%evp 12,66,31,11,39,24,35,33,24,20,72,37,58,-10,8,-42,45,31,33,38,32,27,24,-152,-129,-271,-264,-260,-268,-414,-320,-317,-325,-329,-327,-306,-310,-600,-593,-664,-416,-666,-713,-637,-546,-546,-254,-954,-955,-1084,-1050,-1748,-1725,-2383,-2373,-29988,-29989]} 1. e4 d6 2. d4 Nf6 3. Nc3 g6 4. Be3 c6 5. Qd2 b5 6. Bd3 Nbd7 7. O-O-O {LiveBook: 3 Games. B07: Pirc Defence: Miscellaneous Systems} Nb6 $146 ({Predecessor:} 7... b4 8. Nce2 Qa5 9. Kb1 c5 10. Nf3 Bb7 11. dxc5 Nxc5 12. a3 Nfxe4 13. Bxe4 Nxe4 14. Qxb4 Qxb4 15. axb4 {0-1 (35) Miralles,G (2486)-Mamedyarov,S (2757) France 2007}) 8. Bg5 h6 9. Bxf6 {White is slightly better.} exf6 10. f4 a6 (10... h5 $11) 11. Nf3 Qc7 12. e5 (12. f5 $14) 12... f5 13. h4 Be6 ({Black should play} 13... h5 $15) 14. h5 $14 O-O-O 15. hxg6 fxg6 16. Nh4 Qf7 17. Nb1 $2 {[#]} (17. g4 $11) 17... dxe5 $17 ({Not} 17... Bxa2 18. Qa5 $14) 18. Qa5 (18. fxe5 $17 Rxd4 19. Qf2) 18... Kb7 $19 19. dxe5 Bc5 ({Less strong is} 19... Bxa2 20. Nc3 $17) 20. Nd2 (20. Qe1 {was called for.}) 20... Rd4 21. Nb3 Bb4 22. Qxb6+ Kxb6 23. Nxd4 Bxa2 24. g4 $2 (24. c3 Be7 25. Nhf3) 24... Bc5 25. c3 b4 26. Bc2 (26. gxf5 $142 gxf5 27. Rh3) 26... bxc3 {[#] aiming for ...Qc4.} 27. bxc3 Ba3+ 28. Kd2 c5 (28... Rd8 $142 29. Nxg6 fxg4) 29. e6 $2 (29. Ne2 g5 30. Nxf5) 29... Bxe6 30. Rb1+ Kc7 31. Nxg6 Qxg6 32. Rhg1 cxd4 {[%cal Bc5d4,Bd4c3][%mdl 32]} 33. gxf5 dxc3+ {Precision: White = 14%, Black = 48%.} 0-1

[Event "XVI Gran Hotel Bali 2017"]
[Site "Benidorm"]
[Date "2017.12.03"]
[Round "3"]
[White "Ibanez Aullana, Ramon"]
[Black "Grandinetti, Pietro"]
[Result "1-0"]
[WhiteElo "2295"]
[BlackElo "2167"]
[Annotator "TA"]
[PlyCount "81"]
[EventDate "2017.??.??"]
[EventType "swiss"]
[EventCountry "ESP"]
[SourceTitle "playchess.com"]
[Source "ChessBase"]
[SourceQuality "1"]

{[%evp 18,81,63,66,94,100,95,100,107,63,70,63,65,46,78,62,56,56,107,97,117,110,145,95,209,168,155,119,179,170,295,240,311,326,325,325,475,500,458,445,604,618,560,541,725,565,553,543,553,544,545,524,673,670,650,650,1177,1134,1001,1022,1801,1741,1244,1146,29982,29979]} 1. d4 Nf6 2. c4 g6 3. Nc3 Bg7 4. e4 d6 5. Be2 O-O 6. Be3 Nbd7 7. g4 e5 8. d5 Nc5 {E73: King's Indian: Averbakh Variation without 6...c5} 9. f3 a5 10. h4 {[%cal Bh2h4,Bh4h5][%mdl 32] LiveBook: 30 Games} Bd7 {White is slightly better.} (10... h5 11. g5 Nh7 12. Kd2 Bd7 13. Nh3 c6 14. Nf2 cxd5 15. exd5 f5 16. gxf6 Nxf6 17. Bxc5 dxc5 {0-1 (37) Vallejo Pons,F (2705)-Radjabov,T (2741) Palma de Mallorca 2017}) 11. h5 a4 12. Nh3 c6 13. Qd2 cxd5 {[#] ...d4 is the strong threat.} 14. cxd5 Qa5 {[#]} 15. Rc1 $146 ({Predecessor:} 15. Nf2 Rfc8 {1-0 (42) Arizmendi Martinez,J (2505)-Perez Candelario,M (2591) Las Palmas 2017}) 15... a3 16. b3 Rfc8 {Strongly threatening ...Ncxe4!} 17. Nf2 Na6 (17... gxh5 $14 18. g5 (18. gxh5 Nxb3 19. axb3 a2 $11) 18... Ne8) 18. Kf1 $16 Nb4 19. Kg2 Na6 20. Nb1 Nb4 (20... Qxd2 $16 21. Bxd2 (21. Nxd2 Rxc1 22. Rxc1 Nb4 $11) 21... Rxc1 22. Rxc1 (22. Bxc1 Nb4 $14) 22... gxh5) 21. h6 Bf8 22. Nd3 Nbxd5 (22... Nxd3 $16 23. Bxd3 (23. Qxd3 b5 $14) 23... Rxc1 24. Qxa5 (24. Qxc1 Bb5 $16) (24. Rxc1 Qd8 $16) 24... Rc2+ 25. Bxc2 Rxa5) 23. exd5 $18 Qxd5 (23... Nxd5 $142 24. Bg5 Qxd2 25. Bxd2 Rc6) 24. Nf2 Qe6 25. Ne4 Bc6 26. Nbc3 Nxg4 (26... Be7 {keeps fighting.} 27. Rhd1 b5) 27. fxg4 d5 28. Kg3 dxe4 29. Bc4 Qd6 30. Rhf1 Rc7 31. Qxd6 Bxd6 32. Nd5 Bxd5 33. Bxd5 {[#] White wants to mate with Rxc7.} Rd7 34. Bxe4 Be7 35. Rfd1 Rxd1 36. Rxd1 Rd8 37. Rxd8+ Bxd8 38. Bxb7 f5 39. Bd5+ Kf8 40. Bc5+ Be7 41. b4 {Precision: White = 66%, Black = 35%.} 1-0

[Event "XVI Gran Hotel Bali 2017"]
[Site "Benidorm"]
[Date "2017.12.03"]
[Round "3"]
[White "Garcia Blanco, Omar"]
[Black "Cubas Pons, Juan Miguel"]
[Result "0-1"]
[WhiteElo "2274"]
[BlackElo "2187"]
[Annotator "TA"]
[PlyCount "110"]
[EventDate "2017.??.??"]
[EventType "swiss"]
[EventCountry "ESP"]
[SourceTitle "playchess.com"]
[Source "ChessBase"]
[SourceQuality "1"]

{[%evp 19,110,10,21,-31,-18,-15,0,-72,-12,-177,-177,-243,-246,-268,-252,-302,-291,-280,-285,-324,-279,-299,-283,-296,-261,-262,-227,-250,-253,-313,-323,-315,-324,-327,-281,-354,-311,-348,-360,-360,-351,-449,-438,-557,-577,-684,-681,-583,-675,-640,-618,-778,-612,-768,-741,-919,-904,-872,-868,-899,-866,-1007,-1007,-1164,-1004,-1070,-859,-1321,-1427,-1466,-1412,-1331,-1241,-1168,-1109,-1004,-574,-2610,-2043,-2959,-1852,-1477,-747,-4810,-2285,-4299,-3670,-12839,-875,-1366,-1395,-5900,-5293]} 1. e4 e6 2. d4 d5 3. Bd3 dxe4 4. Bxe4 Nf6 5. Bf3 c5 6. Ne2 Nc6 {C01: French: Exchange Variation} 7. Be3 cxd4 (7... Nd5 8. Bxd5 Qxd5 9. Nbc3 Qxg2 10. Rg1 Qf3 11. Nb5 Rb8 12. dxc5 Bd7 13. Nc7+ Kd8 14. Nb5 {0-1 (54) Kramnik,V (2808)-Caruana,F (2808) Stavanger 2017}) 8. Nxd4 Ne5 9. Nc3 Bb4 10. Ndb5 Nxf3+ {LiveBook: 10 Games} 11. gxf3 (11. Qxf3 $11 O-O 12. a3 Bxc3+ 13. Nxc3) 11... Nd5 $146 ({Predecessor:} 11... Bd7 12. Qd4 Bxc3+ 13. Nxc3 Bc6 14. Qe5 O-O 15. Rg1 Kh8 16. Bd4 Rg8 17. O-O-O Bxf3 18. Rd3 Bc6 19. Rdg3 Ne8 20. Qh5 Qxd4 {1-0 (20) Kozionov,K (2444)-Shubin,K (2372) Kirishi 2016}) 12. Qd4 Nxe3 13. Qxe3 (13. Qxg7 $11 {keeps the balance.} Nxc2+ 14. Ke2) 13... a6 (13... O-O $17 14. a3 Be7) 14. Qe5 $2 {[#]} (14. Qf4 $11 {and White is okay.} O-O 15. Qxb4 axb5 16. Rg1) 14... O-O $1 $19 ({Inferior is} 14... axb5 15. Qxb5+ Bd7 16. Qxb4 $11) 15. Rg1 {[#]} (15. Nd4 $142) 15... f6 $1 {[%cal Rf6e5]} ({Don't do} 15... g6 16. Nd4 $17) 16. Qg3 {[%csl Gg1][%cal Rg3g7]} Qe7 17. Nd4 Bxc3+ 18. bxc3 e5 19. Nb3 Rd8 20. Qh4 Bf5 21. Qb4 Qxb4 22. cxb4 Bxc2 23. Nc5 b6 24. Ne4 Bxe4 25. fxe4 {[%mdl 4096] Endgame KRR-KRR} Rd4 26. f3 Rc8 27. Rg2 Rxb4 28. Rd2 Rbc4 29. Rad1 Rc2 30. h4 h5 {Black is clearly winning.} 31. Kf2 b5 32. Kg3 Rxd2 33. Rxd2 {KR-KR} Rc3 34. Rb2 Kf7 35. Rd2 Ra3 36. Rd7+ Kg6 37. Rd2 b4 38. Kf2 a5 {[%cal Ba6a5,Ba5a4,Ba4a3][%mdl 32]} 39. Kg2 a4 40. Kg3 Rc3 41. Rd6 a3 42. Rb6 Rc4 43. Kf2 Rc2+ 44. Kg3 Rb2 45. Rb7 Kh7 46. Rb8 g6 47. Rb7+ Kg8 48. f4 exf4+ 49. Kxf4 Rb1 50. Ra7 Kf8 51. Ke3 Rb2 (51... Ra1 $142 52. Rb7 Rxa2) 52. Rb7 Rxa2 53. Rxb4 Rh2 (53... Ra1 $142 54. Ke2 a2) 54. Ra4 Rxh4 55. Kd4 f5 {Precision: White = 25%, Black = 66%.} 0-1

[Event "XVI Gran Hotel Bali 2017"]
[Site "Benidorm"]
[Date "2017.12.03"]
[Round "3"]
[White "Gromovs, Sergejs"]
[Black "Segarra Martinez, Axel"]
[Result "1-0"]
[WhiteElo "2257"]
[BlackElo "2176"]
[Annotator "TA"]
[PlyCount "75"]
[EventDate "2017.??.??"]
[EventType "swiss"]
[EventCountry "ESP"]
[SourceTitle "playchess.com"]
[Source "ChessBase"]
[SourceQuality "1"]

{[%evp 30,75,135,106,133,56,53,20,233,226,258,248,224,237,193,58,67,55,170,169,173,141,164,158,152,126,144,126,137,161,130,0,130,140,179,175,256,232,579,579,1058,1010,976,862,827,829,822,820]} 1. d4 Nf6 2. Nf3 e6 3. c4 c5 4. d5 exd5 5. cxd5 d6 6. Nc3 g6 7. e4 Bg7 8. Bg5 h6 9. Bh4 a6 10. Nd2 O-O 11. a4 Re8 12. Be2 Nbd7 13. O-O Qc7 {A71: Benoni (Hauptsystem/8.Lg5)} (13... g5 14. Bg3 Ne5 15. f4 gxf4 16. Bxf4 Qe7 17. Kh1 Nfd7 18. Qe1 Ng6 19. Be3 Nde5 20. h3 Bd7 21. a5 {½-½ (30) Volkov,S (2591)-Benidze,D (2480) Malatya 2016}) 14. f4 Rb8 15. Kh1 Nh7 16. Bg3 {LiveBook: 3 Partien} f5 17. Bd3 (17. exf5 $16 gxf5 18. Bd3) 17... Ndf6 $14 18. e5 $146 ({Vorgänger:} 18. Qc2 c4 19. Nxc4 {½-½ (28) Matamoros Franco,C (2410)-Garcia Padron,J (2445) Las Palmas 1993}) 18... Ng4 $2 (18... dxe5 $11 19. Bc4 (19. fxe5 Nh5 $11) 19... Kh8) 19. Nc4 $18 dxe5 20. fxe5 Bxe5 21. Nxe5 Nxe5 22. Qd2 (22. Re1 $18 Nf8 23. d6) 22... Qg7 23. Rae1 Ng5 (23... Bd7 $14) 24. Qe3 Ngf7 25. Qxc5 Bd7 26. Bb1 $1 b5 27. axb5 axb5 {[#]} 28. d6 $1 {Schwarz muss nun Sd5 beachten.} Rbc8 29. Qa7 Ra8 30. Qc5 {Sd5 ist eine echte Drohung.} Rac8 $1 {[%cal Rc8c5]} 31. Qb4 Rc4 {[#]} 32. Qa5 $1 {zielt auf La2 ab.} Rd4 (32... Bc6 {war nötig.}) 33. Ba2 ({Minderwertig wäre} 33. Nxb5 Rd5 $15) 33... Rxd6 $2 (33... Kh7 {ist eine bessere Chance.} 34. Qa7 (34. Nxb5 Nc4 $18) 34... Rxd6 35. Bxf7 Nxf7) 34. Nxb5 {Weiß steht klar auf Gewinn.} Rd3 35. Nc7 Nc6 36. Nxe8 {Droht stark Da6.} Nxa5 37. Nxg7 Kxg7 38. Re7 {Precision: Weiß = 43%, Schwarz = 30%.} 1-0

[Event "XVI Gran Hotel Bali 2017"]
[Site "Benidorm"]
[Date "2017.12.03"]
[Round "3"]
[White "Olcum, Ahmet"]
[Black "Smirnov, Aleksander"]
[Result "1/2-1/2"]
[WhiteElo "2231"]
[BlackElo "2064"]
[Annotator "TA"]
[PlyCount "105"]
[EventDate "2017.??.??"]
[EventType "swiss"]
[EventCountry "ESP"]
[SourceTitle "playchess.com"]
[Source "ChessBase"]
[SourceQuality "1"]

{[%evp 18,105,32,-6,38,24,36,19,21,24,12,17,23,25,18,7,6,-9,33,28,33,0,0,0,0,0,0,0,0,0,0,0,0,0,0,0,15,15,18,14,52,0,0,0,0,0,5,13,33,0,0,0,0,0,0,0,0,0,0,0,0,0,0,0,0,0,0,0,0,0,0,0,0,0,0,0,0,0,0,0,0,0,0,0,0,0,0,0,0,0]} 1. e4 c5 2. d3 g6 3. g3 Bg7 4. Bg2 Nc6 5. Nc3 Rb8 6. Be3 d6 7. Qd2 b5 8. f4 b4 9. Nd1 e5 10. Nf3 {LiveBook: 8 Games. B26: Closed Sicilian: 3 g3, lines with early Be3} Nd4 11. O-O Nxf3+ $146 ({Predecessor:} 11... Ne7 12. Nh4 exf4 13. Bxf4 O-O 14. c3 bxc3 15. bxc3 Ndc6 16. Bh6 Bxh6 17. Qxh6 Ne5 18. Nf2 Rb2 19. Nf3 Nxf3+ 20. Bxf3 Nc6 21. Nd1 Rb8 {1-0 (53) Maryasin,B (2335)-Fatalibekova,E (2254) Hersonissos 2017}) 12. Rxf3 {White is slightly better.} (12. Bxf3 {looks sharper.} exf4 13. Bxf4 Be6 14. a3 a5 15. axb4 axb4 16. c3) 12... Bg4 13. Rf1 exf4 14. Rxf4 Bxd1 15. Rxd1 {Threatens to win with Rdf1.} Bxb2 16. Rdf1 {[#] aiming for e5.} f6 17. Bh3 Be5 18. R4f2 Qe7 19. d4 (19. a3 $5 {[%cal Ra3b4]}) 19... cxd4 20. Bxd4 h5 21. Bxe5 Qxe5 22. Qe3 Rh7 23. Qb3 $36 {[%mdl 2048] White is more active.} Kf8 24. Be6 Kg7 $1 25. Bxg8 Rxg8 26. Rxf6 Qd4+ 27. R1f2 {next Qe6 is good for White.} Kh8 28. Qe6 Qd1+ 29. Rf1 (29. Kg2 $14 Rhg7 30. Qxd6 Qxd6 31. Rxd6) 29... Qd4+ $11 30. Kg2 Rhg7 31. R1f4 Qc5 32. Rf2 Qe5 33. Qc4 a5 {The position is equal.} 34. Re6 Rc7 35. Rxe5 Rxc4 36. Rxa5 Rxe4 {[%mdl 4096] Endgame KRR-KRR} 37. Ra6 Rd4 38. Kh3 Kh7 39. a4 bxa3 40. Rxa3 Rc8 41. Ra7+ Kh6 42. Re7 Rc5 43. Re6 Re5 44. Ref6 Red5 45. Re6 Re5 46. Ref6 Red5 47. Re2 Rf5 48. Rxf5 gxf5 49. c3 Rc4 50. Re6+ Kg5 51. Kg2 {[#] White wants to mate with h4+.} h4 52. Rxd6 Rxc3 53. Rd8 {Precision: White = 76%, Black = 81%.} 1/2-1/2

[Event "XVI Gran Hotel Bali 2017"]
[Site "Benidorm"]
[Date "2017.12.03"]
[Round "3"]
[White "Zohaib Hassan, Mohamed"]
[Black "Perez Perez, Gabriel"]
[Result "1/2-1/2"]
[WhiteElo "2231"]
[BlackElo "2153"]
[Annotator "TA"]
[PlyCount "180"]
[EventDate "2017.??.??"]
[EventType "swiss"]
[EventCountry "ESP"]
[SourceTitle "playchess.com"]
[Source "ChessBase"]
[SourceQuality "1"]

{[%evp 19,180,0,6,-18,-12,-29,20,-41,-9,0,14,-5,-14,-6,54,0,-28,-26,82,16,40,64,69,51,52,37,52,29,118,114,96,95,148,177,152,160,157,161,141,96,118,43,58,52,66,72,75,62,80,63,379,363,433,431,529,529,431,0,0,-8,158,172,175,175,172,165,155,186,260,250,252,250,237,242,238,236,152,148,152,137,96,136,268,273,195,195,179,49,49,49,52,51,85,42,42,42,42,42,42,42,42,0,42,0,42,42,42,42,42,42,42,42,42,0,0,0,42,0,42,0,42,0,42,42,42,42,42,42,42,0,42,0,42,42,42,0,0,0,0,0,0,0,42,42,42,42,42,42,42,42,42,42,42,0,0,0,0,0,0,0,0,0,0]} 1. c4 Nf6 2. g3 g6 3. Bg2 Bg7 4. Nc3 O-O 5. Nf3 d6 6. O-O c5 7. d4 Nc6 8. d5 Na5 9. Nd2 a6 10. a4 e6 {LiveBook: 3 Games. E66: King's Indian: Fianchetto: 6...c5 7 0-0 Nc6 8 d5} 11. Qc2 exd5 12. cxd5 Re8 {Black has an edge.} 13. e4 (13. b3 $11) 13... Bd7 $146 ({Predecessor:} 13... Rb8 14. Rb1 Qc7 15. Na2 b5 16. b4 Nb7 17. axb5 axb5 18. h3 Bd7 {1-0 (47) Vasquez Schroder,R (2520)-Peralta,E (2310) Santiago de Chile 1996}) 14. b3 b5 15. axb5 axb5 16. Bb2 h5 (16... b4 $11 17. Na4 Bb5) 17. h3 (17. Ra2 $14) 17... h4 18. g4 Nh7 (18... b4 $11 {remains equal.} 19. Na4 Bb5) 19. f4 (19. Ra2 $16) 19... Bd4+ 20. Kh1 b4 21. Ne2 Bxb2 22. Qxb2 Bb5 23. Rfe1 Qf6 (23... Nb7 $11) 24. e5 $1 $36 {[%cal Re5f6][%mdl 2048] White is in control.} dxe5 25. Ne4 Qb6 (25... Qg7 $142) 26. fxe5 Bxe2 27. Qxe2 Nxb3 28. Rxa8 Rxa8 29. Qc4 Na5 30. Qxc5 ({White should try} 30. Qd3 $16) 30... Qxc5 $14 31. Nxc5 Rc8 32. d6 $1 {[%cal Bd5d6,Bd6d7][%mdl 32] Hoping for Ra1.} Nf8 33. d7 Rd8 34. Bd5 b3 $2 {[%mdl 8192]} (34... Nxd7 $14 35. Nxd7 Rxd7) 35. Rf1 $1 $18 {[%cal Rf1f7]} Ne6 36. Nxe6 fxe6 37. Bxe6+ {[%mdl 4096] Endgame KRB-KRN} Kh8 {[#]} 38. Rf7 $2 ({Better is} 38. Bxb3 $1 $18 {[%mdl 512]} Rxd7 (38... Nxb3 39. e6) 39. e6) 38... Nc6 $1 $11 39. Rf3 (39. Bxb3 {feels hotter.} Nxe5 40. Re7 Nxd7 41. Bc2 Nf8 42. Kg1) 39... Nd4 $2 ({Black should play} 39... b2 $11 40. Rb3 Nd4 41. Rxb2 Nxe6) 40. Bxb3 $16 Rxd7 41. Rd3 {Threatens to win with e6.} Rd8 42. Kg2 Kg7 43. Bc4 Kf8 (43... Kh6 {was called for.} 44. Rd2 Kg5) 44. Kf2 $18 Ke7 45. Ke3 Nc2+ 46. Kf4 Rc8 47. Bb3 Ne1 48. Rd6 Rc3 {Strongly threatening ...Nd3+.} 49. Rb6 Nd3+ 50. Kg5 Nxe5 {[#]} (50... Nc5 $16 {might work better.}) 51. Re6+ $1 Kf8 52. Bd5 ({Much less strong is} 52. Rxe5 $6 Rxb3 53. Kxh4 (53. Kxg6 Rxh3 54. Rh5 Rh1 $11) 53... Kf7 $14) 52... Nd7 {[#]} 53. Kxh4 (53. Bg2 $1 $18) 53... g5+ $14 54. Kh5 {Black must now prevent Bg2.} Rxh3+ 55. Kxg5 Rh7 56. Be4 Re7 57. Rd6 Rxe4 58. Rxd7 {KR-KR} Kg8 59. Kf5 Ra4 60. Rd6 Kf7 61. Rd7+ Kg8 62. Rb7 Ra6 63. Re7 Kf8 64. Rc7 $1 Kg8 65. Kg5 Rb6 66. Rc5 Kg7 67. Rc7+ Kg8 68. Kf5 Ra6 69. Re7 Kf8 70. Re5 Rb6 71. Kg5 Kg7 72. Re7+ Kg8 73. Kf5 Ra6 74. Kg5 Kf8 75. Re5 Rb6 76. Kh5 $1 Kg7 77. Rg5+ Kh7 {[%csl Gh7][%cal Rb6h6]} 78. Re5 Rh6+ 79. Kg5 {Intending Re7+ and mate.} Rb6 80. Kf5 Kg7 81. Re7+ Kf8 82. Rd7 Rc6 83. Kg5 Kg8 84. Kh5 Rb6 85. Rd5 Kg7 86. Kg5 Rg6+ {The position is equal.} 87. Kf5 Rf6+ 88. Kg5 {Rd7+ is the strong threat.} Rg6+ 89. Kh4 Rh6+ 90. Rh5 Kg6 {Precision: White = 45%, Black = 53%.} 1/2-1/2